ბათუმის შოთა რუსთაველის სახელმწიფო უნივერსიტეტის ბიბლიოთეკა

წითელი ყაყაჩო (ბიბ.ჩანაწერი № 48342)

000 -LEADER
fixed length control field 00626nam a2200217Ia 4500
001 - CONTROL NUMBER
control field 15230
003 - CONTROL NUMBER IDENTIFIER
control field GE_BSU
008 - FIXED-LENGTH DATA ELEMENTS--GENERAL INFORMATION
fixed length control field 181216s||||||||xx |||||||||||||| ||und||
040 ## - CATALOGING SOURCE
Transcribing agency GE_BSU
080 ## - UNIVERSAL DECIMAL CLASSIFICATION NUMBER
Universal Decimal Classification number 821.353.1-31
100 ## - MAIN ENTRY--PERSONAL NAME
Personal name შენგელაია,დემნა
245 ## - TITLE STATEMENT
Title წითელი ყაყაჩო
245 ## - TITLE STATEMENT
Remainder of title რომანი
245 ## - TITLE STATEMENT
Statement of responsibility, etc. რედ.რ.გვეტაძე
260 ## - PUBLICATION, DISTRIBUTION, ETC.
Place of publication, distribution, etc. თბილისი
260 ## - PUBLICATION, DISTRIBUTION, ETC.
Name of publisher, distributor, etc. საბჭოთა მწერალი
260 ## - PUBLICATION, DISTRIBUTION, ETC.
Date of publication, distribution, etc. 1949
300 ## - PHYSICAL DESCRIPTION
Extent 193გვ.20სმ.
653 ## - INDEX TERM--UNCONTROLLED
Uncontrolled term წითელი ყაყაჩო
942 ## - ADDED ENTRY ELEMENTS (KOHA)
Koha item type წიგნი
ეგზემპლარები
Withdrawn status Lost status Damaged status Not for loan Date acquired Barcode Date last seen Price effective from Koha item type
        2018-12-17 38223 2018-12-17 2018-12-17 წიგნი
        2018-12-17 38224 2018-12-17 2018-12-17 წიგნი
        2018-12-17 38225 2018-12-17 2018-12-17 წიგნი
        2018-12-17 38226 2018-12-17 2018-12-17 წიგნი
        2018-12-17 38227 2018-12-17 2018-12-17 წიგნი